000 01073nam0a22002651 4500
001 rc\415218
005 20030616170220.0
035 _a(NLR Aleph) 005662975
090 _a6892815
_c6892815
100 _a20030616d1987 u |0rusy50 ca
101 0 _arus
102 _aRU
105 _ay |||||||||
200 1 _aБанк социологических данных 1986 г.
_e(Информ. ресурсы социол. центров СССР)
_f[Андреенков В.Г. и др.]
210 _aМ.
_cИСИ
_d1987
215 _a195 с.
_d20
225 1 _aОперативная информация
_fАН СССР, Ин-т социол. исслед., Сов. социол. ассоц.
320 _aПредм. указ.: с. 188-195
702 1 _aАндреенков
_bВ. Г.
_gВладимир Георгиевич
_4220
712 0 2 _aИнститут социологических исследований
_cМосква
_3RU\NLR\AUTH\8810000263
801 0 _aRU
_bNLR
_gpsbo
801 1 _aRU
_bELAR
_2rusmarc
852 _aNLR
_j87-3/5551
942 _cBOOK
980 _aNB